• 首页
  • 本馆介绍
  • 公告通知
  • 最新文献
  • 馆藏检索
  • 电子资源
  • 读者导购
  • 参考咨询
  • 我的图书馆
  • 登录
  • 详细信息显示
  • 放入我的书架
  • 预约/预借图书
  • 作者相关作品
  • 分类相关作品
  • 丛书相关作品
  • 出版社相关作品

书目信息

  • 表格格式
  • 工作单格式
  • 卡片格式
题名:
挪威简史
    
 
作者: 托·金·德里 著 ;华中师范学院《挪威简史》翻译组 译
分册: 下册  
出版信息: 武汉   湖北人民出版社  1973.4
页数: 281-548页
开本: 20cm
丛书名:
单 册:
中图分类: K533
科图分类:
主题词: 北欧--历史
电子资源:
ISBN:
000 00757nam0 2200241 45
001 0212050964
005 20031219104101.7
010    @dCNY1.54
091    @a11106.96
100    @a20021205d1973 km y0chiy0120 ea
101 0  @achi
105    @ab z 000yy
200 1  @a挪威简史@h下册@ANuo Wei Jian Shi@f(英)托·金·德里著@F(Ying)Tuo·Jin·De Li Zhu@g华中师范学院《挪威简史》翻译组译
210    @a武汉@c湖北人民出版社@d1973.4
215    @a281-548页@c地图@d20cm
300    @a内部读物
320    @a索引
606 0  @a北欧@x历史
690    @aK533@v1
701  0 @a托·金·德里@4著
712 02 @a华中师范学院《挪威简史》翻译组@AHua Zhong Shi Fan Xue Yuan《Nuo Wei Jian Shi》Fan Yi Zu@4译
801    @aCN@bTSTC@c20021205
905    @dK533@e1:2@f2@b219128-129
    
    挪威简史.下册/(英)托·金·德里著/华中师范学院《挪威简史》翻译组译.-武汉:湖北人民出版社,1973.4
    281-548页:地图;20cm
    内部读物
    
    ISBN :CNY1.54
    
●
相关链接 在E读中查询图书 在五车中查询图书 在当当中查询图书 在豆瓣中查询图书


正题名:挪威简史     索取号:K533/1:2         预约/预借

序号 登录号 条形码 馆藏地/架位号 状态 备注
1 0219128   001732085   密集书库/ [索取号:K533/1:2] 在馆    
2 0219129   001731996   密集书库/ [索取号:K533/1:2] 在馆    
唐山师范学院图书馆 欢迎您!
大连网信软件有限公司© 版权所有